000 00998nam2a22002531 4500
001 RU\NLR\INFOCOMM22\5000004110
005 20050218173739.5
035 _a(NLR Aleph) 002337720
090 _a4473236
_c4473236
100 _a20050218d1976 |||y0rusy50 ca
101 0 _arus
102 _aRU
105 _ay ||||000|y
200 1 _aОбеспечение надежности гребных устройств промысловых судов
_fЛ.В. Ефремов
210 _d1976
461 0 _1001RU\NLR\INFOCOMM22\5000003945
_12001#$aРыбное хозяйство$iСерия Эксплуатация флота рыбной промышленности$eОбзор. информ.$fЦНИИ информ. и техн.-экон. исслед. рыб. хоз-ва$v1976, Вып.2
700 1 _aЕфремов
_bЛ. В.
_4070
801 0 _aRU
_bNLR
_gPSBO
801 1 _aRU
_bInfoComm
_c20050218
852 _aNLR
_jП13/1221
942 _cISSUE
980 _aNB
980 _aRUSPER